Coping Mechanism of Physically and Emotionally Abused Children and Their Social Environment (Record no. 290431)
[ view plain ]
| 000 -LEADER | |
|---|---|
| fixed length control field | 00429nam a22001337a 4500 |
| 003 - CONTROL NUMBER IDENTIFIER | |
| control field | SISC |
| 005 - DATE AND TIME OF LATEST TRANSACTION | |
| control field | 20160118151725.0 |
| 008 - FIXED-LENGTH DATA ELEMENTS--GENERAL INFORMATION | |
| fixed length control field | 160118b xxu||||| |||| 00| 0 eng d |
| 050 ## - LIBRARY OF CONGRESS CALL NUMBER | |
| Classification number | PHS M562 2015 #58 |
| 100 ## - MAIN ENTRY--PERSONAL NAME | |
| Personal name | Merino, Andrei Kenneth Dominic T. |
| 245 ## - TITLE STATEMENT | |
| Title | Coping Mechanism of Physically and Emotionally Abused Children and Their Social Environment |
| Statement of responsibility, etc | Andrei Kenneth Dominic T. Merino |
| 300 ## - PHYSICAL DESCRIPTION | |
| Extent | 58 p. |
| 942 ## - ADDED ENTRY ELEMENTS (KOHA) | |
| Source of classification or shelving scheme | Library of Congress Classification |
| Koha item type | Books |
| Withdrawn status | Lost status | Source of classification or shelving scheme | Damaged status | Home library | Current library | Shelving location | Date acquired | Source of acquisition | Total Checkouts | Full call number | Barcode | Date last seen | Price effective from | Koha item type |
|---|---|---|---|---|---|---|---|---|---|---|---|---|---|---|
| Library of Congress Classification | Luxembourg Library | Luxembourg Library | Portfolio Assessment of SISC Students Section | 01/18/2016 | Donation | PHS M562 2015 #58 | P3518 | 01/15/2020 | 01/18/2016 | Books |